00920 2200289 4500001002100000005001700021008004100038020002200079035002400101040001200125041001300137082001600150084001600166100003900182245010900221250001100330260003600341300003800377500003500415500006400450650003100514700001800545710001900563850001200582990001800594990001800612INLIS00000000002996820170816082428.0  a978-979-2409-60-0 0010-081700000000174 aYOPDYOG1 aindhara042[23]a297.5 a297.5 Att N1 aAT-TUWAIJIRI, Muhammad bin Ibrahim1 aNeraca kehidupanc/ Muhammad bin Ibrahim at-Tuwaijiri; penerjemah, Umar Mujtahid; editor, Tim Griya Ilmu aCet. 1 aJakarta TimurbGriya Ilmuc2015 aviii, 254 hlm.b: ilus.c; 21 cm. aJudul asli: Hayatuna fil mizan aTeks dalam bahasa Indonesia, diterjemahkan dari bahasa Arab 4aKehidupan beragama (Islam)0 aUmar Mujtahid2 aTim Griya Ilmu aYOPDYOG a55703-PD/A.17 a55704-PD/A.17